| 000 | 00888nas a2200301 4500 | ||
|---|---|---|---|
| 001 | BR0704791 | ||
| 003 | BR-BrBNA | ||
| 005 | 20231205110936.0 | ||
| 007 | ta | ||
| 008 | 230509b bl.|||p| |||| 00| 00por d | ||
| 040 |
_aBR-BrBNA _bpor _cBiblioteca Nacional de Agricultura |
||
| 041 | _a(En) | ||
| 072 | _aF60 | ||
| 100 | 1 | _aBruno, I.P. | |
| 100 | 1 | _aSilva, A.L. da | |
| 100 | 1 | _aReichardt, K. | |
| 100 | 1 | _aDourado-Neto, D. | |
| 100 | 1 | _aBacchi, O.O.S. | |
| 100 | 1 | _aVolpe, C.A. | |
| 245 | 1 | _aComparison between climatological and field water balances for a coffee crop | |
| 650 | _aCAFÉ | ||
| 650 | _aBALANÇO HÍDRICO | ||
| 650 | _aEVAPOTRANSPIRAÇÃO | ||
| 650 | _aDEFICIÊNCIA HÍDRICA | ||
| 773 | 0 |
_tScientia Agricola (Brazil) _xISSN 0103-9016 _g(May-Jun 2007), V. 64(3) p. 215-220 _wBR0704791 |
|
| 909 |
_a202311 _bLúcia _c55 _dLúcia Elande |
||
| 942 |
_2AGRIS _n0 _cANA |
||
| 999 |
_c189863 _d189863 |
||